Groupes de 3 - Littérature - Statistiques

Statistiques générales
  • Ce quiz a été pris 123 fois
  • Le résultat moyen est 12 sur 48
Statistiques - réponses
Indice Réponse % Correct
Les Trois Mousquetaires Porthos
69%
Les Trois Mousquetaires Aramis
68%
Sœurs Brontë Emily
68%
Les Trois Mousquetaires Athos
67%
Dramaturges classiques français Molière
67%
Courants romanesques français du XIXème siècle Romantisme
63%
Dramaturges classiques français Racine
62%
Dramaturges classiques français Corneille
56%
Sœurs Gorgones Méduse
56%
Sœurs Brontë Charlotte
53%
Courants romanesques français du XIXème siècle Réalisme
51%
Héros de la saga Percy Jackson Percy
44%
Courants romanesques français du XIXème siècle Naturalisme
43%
Auteurs tragiques de la Grèce Antique Sophocle
41%
Sœurs Brontë Anne
32%
Comédies de la Trilogie Marseillaise de Marcel Pagnol Fanny
31%
Comédies de la Trilogie Marseillaise de Marcel Pagnol Marius
30%
Comédies de la Trilogie Marseillaise de Marcel Pagnol César
23%
Auteurs tragiques de la Grèce Antique Eschyle
22%
Héros de la saga Percy Jackson Annabeth
21%
Auteurs tragiques de la Grèce Antique Euripide
21%
Pièces d'Aristophane portant un nom d'animal Les Oiseaux
21%
Œuvres de Daphne du Maurier adaptées par Hitchcock Les Oiseaux
21%
Œuvres de Daphne du Maurier adaptées par Hitchcock Rebecca
19%
Elfes à qui sont offerts les Anneaux de Pouvoir Galadriel
16%
Elfes à qui sont offerts les Anneaux de Pouvoir Gil-galad
16%
Héros de la saga Percy Jackson Grover
10%
Pièces d'Aristophane portant un nom d'animal Les Grenouilles
8%
Puissances contrôlant le monde dans 1984 Eurasia
6%
Elfes à qui sont offerts les Anneaux de Pouvoir Círdan
5%
Filles du Roi Lear Cordelia
5%
Puissances contrôlant le monde dans 1984 Estasia
5%
Sœurs Gorgones Euryale
5%
Pièces d'Aristophane portant un nom d'animal Les Guêpes
5%
Puissances contrôlant le monde dans 1984 Océania
5%
Sœurs Gorgones Sthéno
5%
Filles du Roi Lear Regan
4%
Filles du Roi Lear Goneril
3%
Prix Nobel de littérature américains des années 1930 Pearl Buck
3%
Prix Nobel de littérature américains des années 1930 Sinclair Lewis
3%
Prix Nobel de littérature américains des années 1930 Eugene O'Neill
2%
Pieds à deux syllabes avec une ou deux syllabes accentuées Iambe
2%
Tomes de La Crucifixion en rose de Henry Miller Nexus
2%
Tomes de La Crucifixion en rose de Henry Miller Plexus
2%
Tomes de La Crucifixion en rose de Henry Miller Sexus
2%
Œuvres de Daphne du Maurier adaptées par Hitchcock La Taverne de la Jamaïque
1%
Pieds à deux syllabes avec une ou deux syllabes accentuées Trochée
1%
Pieds à deux syllabes avec une ou deux syllabes accentuées Spondée
0%
Aucun quiz correspondant
Distribution des résultats
% des personnes avec chaque résultat
Percentile par nombre de réponses
Votre historique - résultats
Vous n’avez pas pris ce quiz